Tito: biografía crítica

Saved in:
Bibliografiske detaljer
Hovedforfatter: Djilas, Milovan (Author)
Format: Bog
Sprog:spansk
Udgivet: Barcelona Plaza and Janes 1982
Serier:<La >Vida es Rio
Fag:
Tags: Tilføj Tag
Ingen Tags, Vær først til at tagge denne postø!

MARC

LEADER 00000nam a2200000 a 4500
001 UCR3748
003 CL-VaPUC
008 980130e19820000SP |||||||||||||||||spa|d
082 0 4 |a 923.2  |b DJI  |2 21 
100 0 |a Djilas, Milovan  |e author  |9 403004 
245 1 0 |a Tito: biografía crítica 
300 |a 250 p 
942 |c BK 
945 |d 19980130 00:00:00  |a rleighto 
260 |a Barcelona  |b Plaza and Janes  |c 1982 
600 0 7 |a BROZ TITO, JOSIP  |2 CL-VaPUC  |9 403005 
650 0 |a Biografías  |9 255210 
650 0 |a Políticos   |9 256302 
650 0 |a Política  |9 255312 
651 7 |a YUGOESLAVIA  |2 CL-VaPUC  |9 357834 
583 |a last modification  |c 19980130 00:00:00  |k Rodrigo Vera 
490 0 |a <La >Vida es Rio 
999 |c 266782  |d 266780 
952 |0 0  |1 0  |4 0  |6 923_200000000000000_DJI_1982  |7 0  |8 A  |9 298695  |a BIBHIS  |b BIBHIS  |d 2019-11-20  |i 3379264  |o 923.2 DJI 1982  |p 3379264  |r 2025-01-20  |w 2019-11-20  |y BK  |k HIS